Bakının rayonları - Statistics

General Stats
  • This quiz has been taken 41 times
  • The average score is 7 of 12
Answer Stats
Rayon % Correct
Yasamal rayonu
76%
Nəsimi rayonu
69%
Sabunçu rayonu
69%
Xətai rayonu
69%
Binəqədi rayonu
66%
Nizami rayonu
66%
Nərimanov rayonu
62%
Səbail rayonu
59%
Pirallahı rayonu
45%
Qaradağ rayonu
45%
Suraxanı rayonu
45%
Xəzər rayonu
41%
No matching quizzes found
Score Distribution
Percent of People with Each Score
Percentile by Number Answered
Your Score History
You have not taken this quiz